La Province de Namur en images - Statistiques

Statistiques générales
  • Ce quiz a été pris 52 fois
  • Le résultat moyen est 10 sur 16
Statistiques - réponses
Par images Hint Réponse % Correct
Ville Dinant
100%
Cours d'eau Meuse
100%
Bâtiment Citadelle de Namur
93%
Spécialité Escargots petits-gris
91%
Cours d'eau Lesse
89%
Institution UNamur
80%
Lieu Grottes de Han
78%
Acteur Benoît Poelvoorde
76%
Institution Parlement Wallon
65%
Spécialité Avisance
54%
Bière Rochefort
50%
Bâtiment Cathédrale Saint-Aubain
46%
Festival Esperanzah!
37%
Ville Philippeville
33%
Actrice Cécile de France
30%
Bâtiment Château de Freÿr
13%
Aucun quiz correspondant
Distribution des résultats
% des personnes avec chaque résultat
Percentile par nombre de réponses
Votre historique - résultats
Vous n’avez pas pris ce quiz